[Event "Brno Veletrh"]
[Site "?"]
[Date "2024.09.01"]
[Round "1"]
[White "Vyskocil, Neklan"]
[Black "Bata, Jiri"]
[Result "1-0"]
[WhiteElo "2289"]
[BlackElo "1658"]
[PlyCount "55"]
[GameId "509052476837"]
[EventDate "2024.09.??"]

1. c4 e5 2. Nc3 Nf6 3. g3 d5 4. cxd5 Nxd5 5. Bg2 Nxc3 6. bxc3 Bd6 7. Nf3 O-O 8. O-O Nd7 9. d4 exd4 10. cxd4 Nf6 11. Ne5 Qe7 12. Nc4 Rd8 13. Nxd6 Qxd6 14. Bb2 Qe7 15. Qc2 Rb8 16. e4 c6 17. h3 Bd7 18. f4 Rdc8 19. f5 g6 20. fxg6 fxg6 21. Qc3 Rf8 22. d5 Rbe8 23. Rxf6 Rxf6 24. Qxf6 Qxf6 25. Bxf6 cxd5 26. exd5 b6 27. d6 Re6 28. Bd5 1-0

[Event "Brno Veletrh"]
[Site "?"]
[Date "2024.09.01"]
[Round "1"]
[White "Kubatova, Ema"]
[Black "Hajek, Oskar"]
[Result "0-1"]
[WhiteElo "1650"]
[BlackElo "2281"]
[PlyCount "92"]
[GameId "509052896525"]
[EventDate "2024.09.??"]

1. d4 Nf6 2. c4 c5 3. Nf3 cxd4 4. Nxd4 e5 5. Nf3 Nc6 6. Nc3 Bb4 7. e3 O-O 8. Bd2 e4 9. Nd4 Nxd4 10. exd4 d5 11. c5 Ng4 12. Be3 Nxe3 13. fxe3 Qg5 14. Qd2 Ba5 15. O-O-O b6 16. c6 Bg4 17. Be2 Bxe2 18. Qxe2 Bxc3 19. bxc3 Rac8 20. Kd2 Rxc6 21. Rc1 Rfc8 22. Rhf1 b5 23. g3 Rc4 24. Qf2 Qe7 25. Qf5 Rd8 26. Rb1 a6 27. Rb3 Qc7 28. a3 a5 29. Rc1 Qc6 30. h4 Rc8 31. Qf1 a4 32. Rbb1 Rxc3 33. Qd1 Rxc1 34. Rxc1 Qxc1+ 35. Qxc1 Rxc1 36. Kxc1 Kf8 37. g4 Ke7 38. Kd2 Kd6 39. Kc3 Kc6 40. Kc2 Kb6 41. Kb2 Ka5 42. Kc3 b4+ 43. axb4+ Kb5 44. g5 h5 45. gxh6 gxh6 46. h5 f6 0-1

[Event "Brno Veletrh"]
[Site "?"]
[Date "2024.09.01"]
[Round "1"]
[White "Pokorny, Petr"]
[Black "Daniel, Antonin"]
[Result "1-0"]
[WhiteElo "2140"]
[BlackElo "1648"]
[PlyCount "67"]
[GameId "509052933779"]
[EventDate "2024.09.??"]

1. d4 d5 2. c4 c6 3. Nc3 e6 4. Nf3 Nf6 5. Bg5 Be7 6. e3 h6 7. Bh4 Nbd7 8. Bd3 Nb6 9. c5 Nbd7 10. O-O b6 11. b4 Bb7 12. Bg3 Nh5 13. Be5 Nhf6 14. e4 dxe4 15. Nxe4 Nxe5 16. Nxe5 Nxe4 17. Bxe4 Rc8 18. Qf3 O-O 19. Bxc6 Ba8 20. Bxa8 Rxa8 21. Nc6 Qd7 22. Nxe7+ Qxe7 23. Rac1 bxc5 24. dxc5 a6 25. Rfd1 Rab8 26. a3 Qa7 27. Qd3 Rfd8 28. Qxd8+ Rxd8 29. Rxd8+ Kh7 30. c6 Qc7 31. Rd7 Qf4 32. Rdd1 Qc7 33. Rd7 Qc8 34. c7 1-0

[Event "Brno Veletrh"]
[Site "?"]
[Date "2024.09.01"]
[Round "1"]
[White "Levchenko, Alisa"]
[Black "Kladnak, Martin"]
[Result "0-1"]
[WhiteElo "1638"]
[BlackElo "2054"]
[PlyCount "72"]
[GameId "509052968616"]
[EventDate "2024.09.??"]

1. d4 Nf6 2. Nf3 g6 3. c4 Bg7 4. g3 d5 5. Bg2 O-O 6. O-O dxc4 7. Ne5 c6 8. Nxc4 Be6 9. b3 Bd5 10. Bb2 Bxg2 11. Kxg2 Qd5+ 12. f3 c5 13. e4 Nxe4 14. fxe4 Qxe4+ 15. Qf3 Qxf3+ 16. Rxf3 cxd4 17. Nbd2 Nc6 18. Re1 b5 19. Na3 a6 20. Nc2 Ne5 21. Bxd4 Nxf3 22. Nxf3 Bxd4 23. Ncxd4 e6 24. Nc6 Rfe8 25. Nfd4 Rac8 26. Na7 Rc7 27. Naxb5 axb5 28. Nxb5 Rc2+ 29. Kh3 Rxa2 30. Rb1 Rd8 31. b4 Rdd2 32. Nc3 Rxh2+ 33. Kg4 Raf2 34. b5 Kg7 35. b6 f5+ 36. Kg5 h6# 0-1

[Event "Brno Veletrh"]
[Site "?"]
[Date "2024.09.01"]
[Round "1"]
[White "Kuchar, Matej"]
[Black "Nisztuk, Michal"]
[Result "1-0"]
[WhiteElo "2048"]
[BlackElo "1637"]
[PlyCount "43"]
[GameId "509053006082"]
[EventDate "2024.09.??"]

1. e4 e5 2. Nf3 Nc6 3. Bb5 Nf6 4. d3 d6 5. c3 Be7 6. O-O O-O 7. h3 Be6 8. Re1 a6 9. Ba4 b5 10. Bc2 Ne8 11. d4 Bd7 12. Nbd2 a5 13. Nf1 b4 14. Ne3 exd4 15. cxd4 h6 16. Nd5 Bf6 17. e5 dxe5 18. dxe5 Be7 19. Qd3 g6 20. e6 f5 21. exd7 Qxd7 22. Nxe7+ 1-0

[Event "Brno Veletrh"]
[Site "?"]
[Date "2024.09.01"]
[Round "1"]
[White "Horak, Hanus"]
[Black "Setina, Vaclav"]
[Result "0-1"]
[WhiteElo "1624"]
[BlackElo "2021"]
[PlyCount "64"]
[GameId "509053039431"]
[EventDate "2024.09.??"]

1. d4 d5 2. c4 e6 3. Nc3 c5 4. e3 Nf6 5. Nf3 Nc6 6. b3 cxd4 7. Nxd4 Bb4 8. Bb2 Ne4 9. Rc1 Qa5 10. Nxc6 bxc6 11. Qc2 Qxa2 12. Bd3 Nc5 13. Be2 O-O 14. O-O Qxb3 15. Qxb3 Nxb3 16. Rc2 a5 17. cxd5 cxd5 18. Na2 Ba6 19. Bxa6 Rxa6 20. Rd1 Be7 21. Rd3 a4 22. Rdc3 Na5 23. Ba3 Bxa3 24. Rxa3 Nc4 25. Rac3 Rb8 26. g3 g6 27. e4 a3 28. exd5 exd5 29. Rd3 Rb2 30. Rxb2 axb2 31. Nc3 Ra1+ 32. Kg2 Rc1 0-1

[Event "Brno Veletrh"]
[Site "?"]
[Date "2024.09.01"]
[Round "1"]
[White "Pavlik, Vladimir"]
[Black "Prihoda, Josef"]
[Result "1-0"]
[WhiteElo "1975"]
[BlackElo "1624"]
[PlyCount "95"]
[GameId "509053082691"]
[EventDate "2024.09.??"]

1. e4 c5 2. c3 Nf6 3. e5 Nd5 4. d4 cxd4 5. Nf3 Nc6 6. cxd4 d6 7. exd6 Qxd6 8. Nc3 Bg4 9. Be2 e6 10. O-O Be7 11. h3 Bh5 12. Nxd5 Qxd5 13. Be3 Bf6 14. Qa4 O-O 15. Rac1 Qa5 16. Qxa5 Nxa5 17. Rc5 Bxf3 18. Bxf3 b6 19. Rc7 Rfc8 20. Rfc1 Rxc7 21. Rxc7 Rd8 22. b4 h6 23. bxa5 bxa5 24. Rxa7 Bxd4 25. Bxd4 Rxd4 26. Rxa5 Rd7 27. a4 Kf8 28. Kf1 Ke7 29. Ke2 Kd6 30. Rb5 Rc7 31. Rb7 Rc2+ 32. Ke3 Rc3+ 33. Kd2 Ra3 34. Rxf7 Ra2+ 35. Ke3 Ra3+ 36. Kd2 Rxa4 37. Rxg7 Ra2+ 38. Ke1 Ra1+ 39. Bd1 Ra5 40. Rh7 Rg5 41. g3 Rg6 42. Kd2 Rf6 43. Ke3 Ke5 44. Bc2 Kd5 45. Rg7 e5 46. Rg6 Rxg6 47. Bxg6 Kd6 48. Ke4 1-0

[Event "Brno Veletrh"]
[Site "?"]
[Date "2024.09.01"]
[Round "1"]
[White "Peskova, Sara"]
[Black "Marsa, Alexandr"]
[Result "1/2-1/2"]
[WhiteElo "1591"]
[BlackElo "1971"]
[PlyCount "51"]
[GameId "509053118807"]
[EventDate "2024.09.??"]

1. e4 e6 2. d4 d5 3. Nc3 Bb4 4. e5 c5 5. a3 Bxc3+ 6. bxc3 Ne7 7. Qg4 cxd4 8. Qxg7 Rg8 9. Qxh7 Nbc6 10. Nf3 Qc7 11. Bd2 dxc3 12. Bxc3 Bd7 13. g3 O-O-O 14. Bg2 d4 15. Bd2 Nxe5 16. O-O Nf5 17. Nxe5 Qxe5 18. Rab1 b6 19. Qxf7 Qh8 20. Bf3 Rdf8 21. Qh5 Nh4 22. Be2 Qxh5 23. Bxh5 Bc6 24. Rfc1 Bf3 25. Kf1 Bg2+ 26. Kg1 1/2-1/2

[Event "Brno Veletrh"]
[Site "?"]
[Date "2024.09.01"]
[Round "1"]
[White "Novotny, David"]
[Black "Kanovsky, Vladimir"]
[Result "1-0"]
[WhiteElo "1967"]
[BlackElo "1578"]
[PlyCount "25"]
[GameId "509053153362"]
[EventDate "2024.09.??"]

1. e4 e5 2. Nf3 Nc6 3. Bc4 h6 4. d4 exd4 5. c3 Nge7 6. Qb3 d5 7. exd5 Nxd5 8. Bxd5 Qe7+ 9. Kd1 Na5 10. Qa4+ Nc6 11. Re1 Be6 12. Bxc6+ Kd8 13. Bxb7 1-0

[Event "Brno Veletrh"]
[Site "?"]
[Date "2024.09.01"]
[Round "1"]
[White "Poruban, Tomas"]
[Black "Wunsch, Radek"]
[Result "0-1"]
[WhiteElo "1558"]
[BlackElo "1956"]
[PlyCount "110"]
[GameId "509053189020"]
[EventDate "2024.09.??"]

1. d4 Nf6 2. c4 c5 3. Bg5 Ne4 4. Be3 Qa5+ 5. Nd2 cxd4 6. Bxd4 Nc6 7. Be3 g6 8. f3 Nf6 9. a3 Qe5 10. Qb3 Bg7 11. f4 Qa5 12. Ngf3 d5 13. g3 dxc4 14. Qxc4 Be6 15. Qc2 Rc8 16. Qb1 Bf5 17. b4 Qb5 18. Qb3 Nd5 19. Rc1 Nxe3 20. Qxe3 O-O 21. Rc5 Qb6 22. Nc4 Qd8 23. Nfe5 Nxe5 24. Nxe5 Rxc5 25. Qxc5 b6 26. Qe3 Qd5 27. Nf3 {(R)} e6 28. Bg2 Rc8 29. Nh4 Rc3 30. Bxd5 Rxe3 31. Nxf5 gxf5 32. Bc6 Rxa3 33. b5 Rc3 34. Kd2 a5 35. bxa6 Rxc6 36. Rb1 b5 37. a7 Ra6 38. Rxb5 Rxa7 39. Rb8+ Bf8 40. Ke3 Kg7 41. Rb2 Bc5+ 42. Kf3 Ra3+ 43. Kg2 Ra1 44. Kh3 Re1 45. Kh4 Kg6 46. Rc2 Be3 47. Ra2 Rf1 48. Ra3 Bxf4 49. gxf4 Rxf4+ 50. Kh3 Rg4 51. Ra8 h5 52. Rg8+ Kh7 53. Rf8 Kg7 54. Ra8 Re4 55. Ra2 Kf6 0-1

[Event "Brno Veletrh"]
[Site "?"]
[Date "2024.09.01"]
[Round "1"]
[White "Pribyl, Rene"]
[Black "Krasovskyi, Stanislav"]
[Result "1-0"]
[WhiteElo "1944"]
[BlackElo "1544"]
[PlyCount "83"]
[GameId "509053228000"]
[EventDate "2024.09.??"]

1. d4 d5 2. c4 c6 3. Nc3 Nf6 4. cxd5 cxd5 5. Bf4 Nc6 6. e3 Bf5 7. Nf3 Qd7 8. Bb5 a6 9. Ne5 Qc8 10. Bxc6+ bxc6 11. Rc1 e6 12. Qa4 Bd6 13. Nxc6 Bxf4 14. Ne5+ Ke7 15. exf4 Qb7 16. Qa3+ Ke8 17. O-O Nd7 18. Na4 Rc8 19. Nxd7 Qxd7 20. Nb6 Rxc1 21. Rxc1 Qb7 22. Rc8+ Qxc8 23. Nxc8 Kd7 24. Nb6+ Kc7 25. Qc5+ Kb7 26. a4 Bd3 27. a5 Bb5 28. Qe7+ Kb8 29. Qxf7 Rd8 30. Qxe6 Re8 31. Qd6+ Kb7 32. g4 Re1+ 33. Kg2 g5 34. fxg5 h5 35. gxh5 Bf1+ 36. Kg3 Bh3 37. Kxh3 Rc1 38. Qxd5+ Kc7 39. h6 Re1 40. Qd7+ Kb8 41. Qc8+ Ka7 42. Qc7# 1-0

[Event "Brno Veletrh"]
[Site "?"]
[Date "2024.09.01"]
[Round "1"]
[White "Rampulova, Marketa"]
[Black "Svobodova, Michaela"]
[Result "0-1"]
[WhiteElo "1510"]
[BlackElo "1928"]
[PlyCount "60"]
[GameId "509053276229"]
[EventDate "2024.09.??"]

1. e4 c5 2. d4 cxd4 3. c3 dxc3 4. Nxc3 Nc6 5. Bc4 e6 6. Nf3 Qc7 7. Qe2 Nf6 8. O-O Ng4 9. Rd1 Bc5 10. Be3 Nxe3 11. fxe3 a6 12. a4 d6 13. Rac1 Bd7 14. Ba2 Rc8 15. Kh1 Qb6 16. Ng5 Ne5 17. h3 Bxe3 18. Nf3 Bxc1 19. Nxe5 dxe5 20. Rxc1 O-O 21. Rd1 Rfd8 22. Rf1 Be8 23. Nd1 Rc1 24. Kh2 Qd6 25. Ne3 Rxf1 26. Qxf1 Bxa4 27. Qf2 Bc6 28. Bb1 Qd4 29. Qf3 Qxb2 30. Bc2 Rd2 0-1

[Event "Brno Veletrh"]
[Site "?"]
[Date "2024.09.01"]
[Round "1"]
[White "Neduchal, Jiri"]
[Black "Cagan, Michal"]
[Result "1-0"]
[WhiteElo "1866"]
[BlackElo "1504"]
[PlyCount "53"]
[GameId "509053312936"]
[EventDate "2024.09.??"]

1. Nf3 Nf6 2. g3 g6 3. Bg2 Bg7 4. O-O O-O 5. c4 d6 6. Nc3 e5 7. d3 Nc6 8. Rb1 Ne7 9. e4 Nd7 10. b4 h6 11. Bd2 f5 12. Nh4 f4 13. Nd5 Nxd5 14. cxd5 Qe8 15. Rc1 Nb6 16. Rxc7 g5 17. Nf5 Bxf5 18. exf5 Qb8 19. Qc2 Rxf5 20. Bh3 Rf8 21. Be6+ Kh8 22. Rc1 f3 23. Qd1 Qe8 24. Qf1 Rb8 25. Qh3 Qg6 26. g4 Bf6 27. Bf5 1-0

[Event "Brno Veletrh"]
[Site "?"]
[Date "2024.09.01"]
[Round "1"]
[White "Klimus, Radek"]
[Black "Lisik, Miroslav"]
[Result "1/2-1/2"]
[WhiteElo "1472"]
[BlackElo "1855"]
[PlyCount "56"]
[GameId "509053345768"]
[EventDate "2024.09.??"]

1. e4 c5 2. Nf3 d6 3. Bc4 g6 4. Nc3 Bg7 5. O-O Nf6 6. d3 O-O 7. h3 Nc6 8. Nh2 Na5 9. Bb3 a6 10. f4 Nxb3 11. axb3 b5 12. Nxb5 Bb7 13. Nc3 d5 14. Qe2 d4 15. Nb1 Qc7 16. Na3 Bc6 17. Bd2 a5 18. Nc4 a4 19. bxa4 Rxa4 20. Rxa4 Bxa4 21. Ba5 Qb7 22. Ra1 Bb5 23. Na3 Ra8 24. Qd2 Nd7 25. b4 Qa6 26. Bc7 Rc8 27. Ba5 Ra8 28. Bc7 Rc8 1/2-1/2

[Event "Brno Veletrh"]
[Site "?"]
[Date "2024.09.01"]
[Round "1"]
[White "Rehurek, Karel"]
[Black "Hradek, Martin"]
[Result "1-0"]
[WhiteElo "1851"]
[BlackElo "1429"]
[PlyCount "41"]
[GameId "509053392468"]
[EventDate "2024.09.??"]

1. e4 d5 2. exd5 Nf6 3. c4 Bf5 4. Nf3 e6 5. dxe6 Qe7 6. Be2 Qxe6 7. O-O Bd6 8. d4 Nbd7 9. Re1 O-O-O 10. Bd3 Be4 11. Ng5 Bxh2+ 12. Kxh2 Qd6+ 13. Kg1 Bg6 14. Be3 Rde8 15. Nc3 Bh5 16. Be2 Bg6 17. Nb5 Qe7 18. Nxa7+ Kb8 19. Nb5 c6 20. Bf4+ Kc8 21. Nd6+ 1-0

[Event "Brno Veletrh"]
[Site "?"]
[Date "2024.09.01"]
[Round "1"]
[White "Berdnikov, Tsyren"]
[Black "Luc, Martin"]
[Result "0-1"]
[WhiteElo "1422"]
[BlackElo "1822"]
[PlyCount "42"]
[GameId "509053434669"]
[EventDate "2024.09.??"]

1. e4 c5 2. d4 cxd4 3. c3 dxc3 4. Nxc3 e6 5. Nf3 Nc6 6. Bc4 Nf6 7. O-O Be7 8. e5 Ng4 9. Re1 Qc7 10. Nb5 Qb6 11. Be3 Nxe3 12. Rxe3 O-O 13. Nd6 Nxe5 14. Nxe5 Bxd6 15. Bd3 Bxe5 16. Bxh7+ Kh8 17. Rxe5 Kxh7 18. Qh5+ Kg8 19. Re3 e5 20. Rh3 Qh6 21. Qxe5 d6 0-1

[Event "Brno Veletrh"]
[Site "?"]
[Date "2024.09.01"]
[Round "1"]
[White "Krystl, Jaromir"]
[Black "Peska, Radek"]
[Result "1-0"]
[WhiteElo "1799"]
[BlackElo "1415"]
[PlyCount "57"]
[GameId "509053475182"]
[EventDate "2024.09.??"]

1. e4 d5 2. exd5 Nf6 3. d4 Bg4 4. Qd3 Qxd5 5. Nc3 Qd7 6. Be3 e6 7. Nge2 Bb4 8. a3 Bf5 9. Qd1 Ba5 10. b4 Bb6 11. a4 a5 12. b5 O-O 13. g3 Nd5 14. Bg2 Nxe3 15. fxe3 c6 16. Rb1 Qc7 17. O-O Nd7 18. Ne4 Rad8 19. Qc1 Bxe4 20. Bxe4 f5 21. Bd3 Nf6 22. Nf4 Rd6 23. Bc4 Nd5 24. bxc6 Nxe3 25. Nxe6 Rxe6 26. Bxe6+ Kh8 27. Qxe3 Qxc6 28. c3 Qxa4 29. Rxb6 1-0

[Event "Brno Veletrh"]
[Site "?"]
[Date "2024.09.01"]
[Round "1"]
[White "Pesa, Marek"]
[Black "Kubatova, Beta"]
[Result "1-0"]
[WhiteElo "1738"]
[BlackElo "1775"]
[PlyCount "93"]
[GameId "509053604016"]
[EventDate "2024.09.??"]

{[%evp 0,93,30,19,76,58,73,64,64,45,47,33,41,14,15,15,15,23,23,20,31,31,50,63,68,61,65,44,65,27,28,24,24,19,19,16,16,3,8,3,15,0,0,-3,-3,-13,-4,-16,-5,-10,-8,-16,-2,0,18,23,77,77,77,77,77,77,78,47,55,62,100,96,97,74,82,69,90,102,111,102,102,104,132,132,175,166,153,122,232,245,254,270,224,210,210,259,489,489,800,905]} 1. e4 c6 2. d4 d5 3. exd5 cxd5 4. Nf3 Nc6 5. c3 Bg4 6. h3 Bxf3 7. Qxf3 e6 8. Bd3 Nf6 9. O-O Be7 10. Qg3 Bf8 11. Nd2 g6 12. Nf3 Bg7 13. Qh4 Nh5 14. Bg5 Bf6 15. Bxf6 Qxf6 16. Qxf6 Nxf6 17. Rfe1 O-O 18. Ne5 Rac8 19. Rac1 Rfd8 20. Nxc6 Rxc6 21. Re2 {(R)} a6 22. Rec2 b5 23. g4 h6 24. f3 Rb8 25. Kf2 Nd7 26. Ke3 g5 27. h4 f6 28. hxg5 fxg5 29. Rh1 Kg7 30. Rch2 e5 31. Bf5 exd4+ 32. Kxd4 Nb6 33. Re1 Rb7 34. Re6 Rxe6 35. Bxe6 Rc7 36. b3 Rc6 37. Re2 Kf6 38. Bf5 a5 39. Bd3 b4 40. cxb4 axb4 41. Rh2 Kg7 42. Rc2 Rf6 43. Rc7+ Kf8 44. Bf5 Ke8 45. Ke5 Rf8 46. Rb7 Na8 47. Ke6 1-0

[Event "Brno Veletrh"]
[Site "?"]
[Date "2024.09.01"]
[Round "1"]
[White "Sknouril, Jakub"]
[Black "Pecenka, Petr"]
[Result "1-0"]
[WhiteElo "1771"]
[BlackElo "1495"]
[PlyCount "49"]
[GameId "509053636266"]
[EventDate "2024.09.??"]

1. Nf3 f5 2. b3 Nf6 3. Bb2 g6 4. d4 Bg7 5. c4 O-O 6. Nc3 d6 7. Qc2 Qe8 8. e4 fxe4 9. Nxe4 Bf5 10. Bd3 c6 11. O-O Nbd7 12. Rae1 Nxe4 13. Bxe4 e5 14. Bxf5 Rxf5 15. Ba3 c5 16. dxc5 Nxc5 17. Bxc5 dxc5 18. Qe4 Qe7 19. g4 Rf4 20. Qxf4 Re8 21. Qe4 Bf6 22. g5 Bxg5 23. Nxg5 Qxg5+ 24. Qg2 Qd2 25. Qd5+ 1-0

[Event "Brno Veletrh"]
[Site "?"]
[Date "2024.09.01"]
[Round "1"]
[White "Slavik, Miroslav"]
[Black "Mikolas, Jakub"]
[Result "1/2-1/2"]
[WhiteElo "1468"]
[BlackElo "1766"]
[PlyCount "39"]
[GameId "509053673741"]
[EventDate "2024.09.??"]

{[%evp 0,39,30,23,45,37,33,15,4,9,7,-17,-15,-15,23,6,10,44,32,15,20,-11,-6,-8,22,-32,8,8,10,-35,-20,-11,3,-25,-1,0,0,-3,-3,-3,-6,-6]} 1. e4 c5 2. Nf3 Nc6 3. c3 d5 4. exd5 Qxd5 5. Be2 Bf5 6. d4 cxd4 7. Nxd4 Nxd4 8. cxd4 Nf6 9. Bf3 Qe6+ 10. Qe2 Qxe2+ 11. Kxe2 Be4 12. Bf4 Bxf3+ 13. Kxf3 e6 14. Nd2 Nd5 15. Bg3 Bb4 16. Ne4 Kd7 17. a3 Be7 18. Nc5+ Bxc5 19. dxc5 a5 20. Rac1 {(R)} 1/2-1/2

[Event "Brno Veletrh"]
[Site "?"]
[Date "2024.09.01"]
[Round "1"]
[White "Grausgruber, Jiri"]
[Black "Carbonai, Gabriele"]
[Result "1-0"]
[WhiteElo "1765"]
[BlackElo "1543"]
[PlyCount "69"]
[GameId "509053709517"]
[EventDate "2024.09.??"]

1. Nf3 e6 2. c4 d5 3. e3 Nf6 4. Nc3 Be7 5. Be2 Nbd7 6. b3 b6 7. Bb2 Bb7 8. O-O O-O 9. Rc1 c5 10. cxd5 Nxd5 11. Bb5 N5f6 12. d4 a6 13. Be2 Rc8 14. Na4 b5 15. Nxc5 Nxc5 16. dxc5 Rxc5 17. Qd4 Rd5 18. Qa7 Qd7 19. Ne5 Rxe5 20. Bxe5 Nd5 21. e4 f6 22. Bg3 Ra8 23. Qd4 e5 24. Qd1 Nb6 25. Qxd7 Nxd7 26. Rc7 Bxe4 27. Rxd7 Kf8 28. Rc1 Bf5 29. Rb7 Rd8 30. Rcc7 Rd2 31. Rxe7 Rxe2 32. h3 Rxa2 33. Rf7+ Kg8 34. Rxg7+ Kh8 35. Rge7 1-0

[Event "Brno Veletrh"]
[Site "?"]
[Date "2024.09.01"]
[Round "1"]
[White "Svabova, Klara"]
[Black "Svagr, Daniel"]
[Result "1-0"]
[WhiteElo "1220"]
[BlackElo "1752"]
[PlyCount "53"]
[GameId "509053756794"]
[EventDate "2024.09.??"]

1. e4 c5 2. Nf3 Nc6 3. d4 cxd4 4. Nxd4 Nf6 5. Nc3 e5 6. Nxc6 bxc6 7. Bg5 Bb4 8. Qf3 h6 9. Bxf6 Qxf6 10. Qxf6 Bxc3+ 11. bxc3 gxf6 12. Bd3 d6 13. Rb1 Ke7 14. Kd2 Bd7 15. Rb2 Rhg8 16. g3 d5 17. Ke3 f5 18. f3 fxe4 19. fxe4 f5 20. exf5 e4 21. Be2 Bxf5 22. Rb7+ Kd6 23. Rf7 Rgf8 24. Rxf8 Rxf8 25. Rf1 Rf7 26. Bh5 d4+ 27. cxd4 1-0

[Event "Brno Veletrh"]
[Site "?"]
[Date "2024.09.01"]
[Round "1"]
[White "Vacekova, Anita"]
[Black "Hlinka, Vit"]
[Result "1-0"]
[WhiteElo "1747"]
[BlackElo "1101"]
[PlyCount "43"]
[GameId "509053847909"]
[EventDate "2024.09.??"]

1. e4 d6 2. d4 Nf6 3. Nc3 g6 4. Bg5 Bg7 5. Qd2 O-O 6. O-O-O Bg4 7. f3 Bd7 8. e5 dxe5 9. dxe5 Ne8 10. Qd5 c6 11. Qc5 f6 12. Bc4+ Kh8 13. Bh4 b6 14. Qa3 g5 15. e6 Nd6 16. Bb3 gxh4 17. exd7 Nxd7 18. Qa4 b5 19. Qxh4 Nc5 20. Nge2 a5 21. Nf4 Qd7 22. Ng6# 1-0

[Event "Brno Veletrh"]
[Site "?"]
[Date "2024.09.01"]
[Round "2"]
[White "Neduchal, Jiri"]
[Black "Vyskocil, Neklan"]
[Result "0-1"]
[WhiteElo "1866"]
[BlackElo "2289"]
[PlyCount "58"]
[GameId "509062105730"]
[EventDate "2024.09.??"]

1. Nf3 Nf6 2. d4 g6 3. g3 Bg7 4. Bg2 O-O 5. O-O d6 6. c4 Nbd7 7. Nc3 e5 8. dxe5 dxe5 9. e4 c6 10. h3 Qe7 11. Qc2 Nc5 12. Be3 Nh5 13. Rad1 Ne6 14. Ne2 f5 15. exf5 gxf5 16. g4 fxg4 17. hxg4 Nhf4 18. Bxf4 Nxf4 19. Nxf4 Rxf4 20. Nh2 Be6 21. b3 Raf8 22. f3 e4 23. fxe4 Be5 24. Bh3 Qc5+ 25. Kh1 Qe3 26. Qd3 Rxf1+ 27. Nxf1 Qf4 28. Qe3 Qxe3 29. Nxe3 Rf3 0-1

[Event "Brno Veletrh"]
[Site "?"]
[Date "2024.09.01"]
[Round "2"]
[White "Hajek, Oskar"]
[Black "Rehurek, Karel"]
[Result "1-0"]
[WhiteElo "2281"]
[BlackElo "1851"]
[PlyCount "99"]
[GameId "509062161771"]
[EventDate "2024.09.??"]

1. e4 e5 2. Nf3 Nc6 3. Bb5 Nd4 4. Nxd4 exd4 5. O-O c6 6. Bc4 d6 7. d3 Nf6 8. Nd2 Be7 9. Nf3 c5 10. Bb5+ Bd7 11. Bxd7+ Qxd7 12. Re1 O-O 13. Nh4 Qg4 14. Nf5 Rfe8 15. f3 Qg6 16. g4 Nd7 17. Kh1 Bf8 18. Rg1 Qe6 19. c3 dxc3 20. bxc3 d5 21. Qf1 dxe4 22. dxe4 Rad8 23. Be3 Ne5 24. Rg2 Qc4 25. Rc2 Qxf1+ 26. Rxf1 Rd3 27. Kg2 Red8 28. Bf4 Nc4 29. Re1 f6 30. h4 Ne5 31. Bxe5 fxe5 32. Ree2 Kf7 33. Ne3 Ke6 34. c4 Be7 35. Kg3 g6 36. Nd5 Rd4 37. Re3 Rd7 38. Rb3 Bd6 39. a4 b6 40. a5 bxa5 41. Rb5 Rd1 42. Rxa5 Rb1 43. Ra6 Kf7 44. Rca2 Rbb7 45. g5 Bf8 46. Nf6 Rdc7 47. Nxh7 Be7 48. Nf6 Bxf6 49. Rxf6+ Kg7 50. Raa6 1-0

[Event "Brno Veletrh"]
[Site "?"]
[Date "2024.09.01"]
[Round "2"]
[White "Luc, Martin"]
[Black "Pokorny, Petr"]
[Result "1/2-1/2"]
[WhiteElo "1822"]
[BlackElo "2140"]
[PlyCount "29"]
[GameId "509062194322"]
[EventDate "2024.09.??"]

1. e4 g6 2. d4 Bg7 3. Nc3 d6 4. f4 c5 5. Nf3 cxd4 6. Nxd4 Nc6 7. Be3 Nf6 8. h3 O-O 9. Qd2 Nxd4 10. Bxd4 e5 11. Be3 exf4 12. Bxf4 Nxe4 13. Nxe4 Re8 14. O-O-O Rxe4 15. Qxd6 1/2-1/2

[Event "Brno Veletrh"]
[Site "?"]
[Date "2024.09.01"]
[Round "2"]
[White "Kladnak, Martin"]
[Black "Krystl, Jaromir"]
[Result "1-0"]
[WhiteElo "2054"]
[BlackElo "1799"]
[PlyCount "47"]
[GameId "509062234715"]
[EventDate "2024.09.??"]

1. e4 e5 2. Nf3 Nc6 3. Bb5 Nge7 4. Nc3 g6 5. d4 exd4 6. Nd5 Nxd5 7. exd5 Qe7+ 8. Be2 Ne5 9. Nxd4 f6 10. O-O Bg7 11. f4 Nf7 12. Bc4 O-O 13. Re1 Qc5 14. Bb3 Nd6 15. Be3 Qa5 16. Rc1 b6 17. Bf2 Bb7 18. Re7 Rad8 19. Nc6 Qa6 20. Nxd8 Rxd8 21. Qe1 f5 22. Rxg7+ Kxg7 23. Qe7+ Nf7 24. Bd4+ 1-0

[Event "Brno Veletrh"]
[Site "?"]
[Date "2024.09.01"]
[Round "2"]
[White "Sknouril, Jakub"]
[Black "Kuchar, Matej"]
[Result "1/2-1/2"]
[WhiteElo "1771"]
[BlackElo "2048"]
[PlyCount "29"]
[GameId "509062268595"]
[EventDate "2024.09.??"]

1. Nf3 g6 2. d4 Bg7 3. e4 d6 4. Bc4 Nf6 5. Qe2 c6 6. O-O O-O 7. Bg5 d5 8. exd5 cxd5 9. Bd3 Bg4 10. Nbd2 Nc6 11. c3 a6 12. h3 Bxf3 13. Nxf3 Qc7 14. Ne5 e6 15. Bf4 {(R)} 1/2-1/2

[Event "Brno Veletrh"]
[Site "?"]
[Date "2024.09.01"]
[Round "2"]
[White "Setina, Vaclav"]
[Black "Grausgruber, Jiri"]
[Result "1-0"]
[WhiteElo "2021"]
[BlackElo "1765"]
[PlyCount "61"]
[GameId "509062298541"]
[EventDate "2024.09.??"]

1. e4 c5 2. c3 d5 3. exd5 Qxd5 4. d4 g6 5. Nf3 Bg7 6. Na3 Bg4 7. Be2 cxd4 8. O-O Nc6 9. Nb5 Rc8 10. Nbxd4 Nxd4 11. Nxd4 Bxe2 12. Qxe2 Nf6 13. Re1 O-O 14. Bf4 Nh5 15. Be3 e5 {(R)} 16. Nb3 b6 17. Red1 Qe6 18. Qb5 Rfd8 19. a4 Nf6 20. Nd2 Rd5 21. Qe2 Rcd8 22. Nf1 Ng4 23. Rxd5 Rxd5 24. Bd2 Qd7 25. h3 Nh6 26. c4 Rc5 27. Be3 Ra5 28. Qc2 Qc7 29. b4 e4 30. bxa5 Bxa1 31. Bxh6 1-0

[Event "Brno Veletrh"]
[Site "?"]
[Date "2024.09.01"]
[Round "2"]
[White "Vacekova, Anita"]
[Black "Pavlik, Vladimir"]
[Result "1/2-1/2"]
[WhiteElo "1747"]
[BlackElo "1975"]
[PlyCount "75"]
[GameId "509062330892"]
[EventDate "2024.09.??"]

1. e4 d6 2. d4 Nf6 3. Nc3 Nbd7 4. Bg5 e5 5. Nf3 Be7 6. Qd2 c6 7. O-O-O Qc7 8. Bc4 b5 9. Bd3 b4 10. Ne2 Rb8 11. Rhe1 c5 12. dxe5 dxe5 13. c4 bxc3 14. Nxc3 c4 15. Bxf6 Nxf6 16. Bf1 O-O 17. Qe2 Ba6 18. Nd5 Nxd5 19. exd5 Bd6 20. Qc2 h6 21. Re4 Rfc8 22. Qc3 f5 23. Rxe5 Bxe5 24. Nxe5 Qd6 25. Nc6 Rb7 26. g3 Rd7 27. Bxc4 Bxc4 28. Qxc4 Kh8 29. Qc2 f4 30. Rd2 fxg3 31. fxg3 Qf6 32. Qd1 Qf5 33. b4 Qe4 34. Kb2 Rxc6 35. dxc6 Qxb4+ 36. Kc1 Qa3+ 37. Kb1 Qb4+ 38. Kc1 1/2-1/2

[Event "Brno Veletrh"]
[Site "?"]
[Date "2024.09.01"]
[Round "2"]
[White "Slegl, Milan"]
[Black "Novotny, David"]
[Result "0-1"]
[WhiteElo "1699"]
[BlackElo "1967"]
[PlyCount "76"]
[GameId "509062360330"]
[EventDate "2024.09.??"]

1. d4 e6 2. Nf3 f5 3. g3 Nf6 4. Bg5 h6 5. Bxf6 Qxf6 6. Bg2 c5 7. e3 Nc6 8. c3 d5 9. dxc5 Bxc5 10. Nd4 O-O 11. Nxc6 bxc6 12. O-O Ba6 13. Re1 Rab8 14. Qc2 g5 15. Nd2 f4 16. exf4 gxf4 17. Nf3 e5 18. Rxe5 fxg3 19. hxg3 Bc8 20. Rae1 Bf5 21. Qd2 Be4 22. R5xe4 dxe4 23. Nd4 Qg5 24. Qe2 e3 25. Qc4+ Kh8 26. Rxe3 Rxb2 27. Bf3 Rg8 28. Qf1 Bd6 29. Bg2 c5 30. Ne2 Rgb8 31. Nf4 Bxf4 32. gxf4 Qxf4 33. Rf3 Qg5 34. Rg3 Rb1 35. Rxg5 hxg5 36. Kh2 Rxf1 37. Bxf1 Rb2 38. Kg3 Rxa2 0-1